000 00316nam a22001337a 4500
008 170323b xxu||||| |||| 00| 0 eng d
020 _a9780443088575
041 _aeng
080 _a616.9
100 _a8
101 _aSHM
245 _aINFECTIONS IMMUNOCOMPROMISED INFANTS CHILDREN
_cPATRICK.CH.C
942 _2udc
_cBK
999 _c8436
_d8436